Normal view
MARC view
- Avant-garde (Aesthetics)
Entry Topical Term
001 - CONTROL NUMBER
- control field: 121933
003 - CONTROL NUMBER IDENTIFIER
- control field: NUST
005 - DATE AND TIME OF LATEST TRANSACTION
- control field: 20240306130131.0
008 - FIXED-LENGTH DATA ELEMENTS
- fixed length control field: 240306|| aca||aabn | a|a d
040 ## - CATALOGING SOURCE
- Original cataloging agency: NUST
- Transcribing agency: NUST
150 ## - HEADING--TOPICAL TERM
- Topical term or geographic name entry element: Avant-garde (Aesthetics)
- Geographic subdivision: Russia (Federation)
- General subdivision: History
- Chronological subdivision: 20th century
670 ## - SOURCE DATA FOUND
- Source citation: Work cat.: (NUST)0: Bokov, Anna, author 121930, Avant-garde as method :
